00311nam a2200121Ia 4500008004100000020002200041041000800063082002100071100001500092245002400107260004900131300000900180230519s9999 xx 000 0 und d a978-81-7739-428-3 aeng aC/004/SOO/DB0640 aSood Ranju aComputer for Nurses bAvichal Publishiing CompanyaNew Delhic2017 a152p